Veľká kniha rozprávok na dobrú noc (Record no. 21719)
[ view plain ]
| 000 -LEADER | |
|---|---|
| fixed length control field | 01598nam a2200409 a 4500 |
| 001 - CONTROL NUMBER | |
| control field | 21719 |
| 003 - CONTROL NUMBER IDENTIFIER | |
| control field | VRT |
| 005 - DATE AND TIME OF LATEST TRANSACTION | |
| control field | 20260309102734.0 |
| 008 - FIXED-LENGTH DATA ELEMENTS--GENERAL INFORMATION | |
| fixed length control field | 240801s2001 xo a ra slo |
| 015 ## - NATIONAL BIBLIOGRAPHY NUMBER | |
| National bibliography number | SNBA2002/07-02462 |
| 020 ## - INTERNATIONAL STANDARD BOOK NUMBER | |
| International Standard Book Number | 8055101310 |
| 035 ## - SYSTEM CONTROL NUMBER | |
| System control number | SNK000387118 |
| 035 ## - SYSTEM CONTROL NUMBER | |
| System control number | urn:nbn:sk:snk-amyavx |
| 035 ## - SYSTEM CONTROL NUMBER | |
| System control number | urn:nbn:sk:snk-am00c7fw |
| 035 ## - SYSTEM CONTROL NUMBER | |
| System control number | 19374EDD-1D33-42D3-B74C-B6B320FEA0D9 |
| 039 #9 - LEVEL OF BIBLIOGRAPHIC CONTROL AND CODING DETAIL [OBSOLETE] | |
| Level of rules in bibliographic description | 202409241242 |
| Level of effort used to assign nonsubject heading access points | AUTHORITY |
| Level of effort used to assign subject headings | 202408011103 |
| Level of effort used to assign classification | VLOAD |
| Level of effort used to assign subject headings | 202403131603 |
| Level of effort used to assign classification | VLOAD |
| Level of effort used to assign subject headings | 202402261501 |
| Level of effort used to assign classification | VLOAD |
| 040 ## - CATALOGING SOURCE | |
| Original cataloging agency | SNK |
| Language of cataloging | slo |
| Transcribing agency | SNK |
| Description conventions | AACR2 |
| 041 0# - LANGUAGE CODE | |
| Language code of text/sound track or separate title | slo |
| 044 ## - COUNTRY OF PUBLISHING/PRODUCING ENTITY CODE | |
| MARC country code | xo |
| ISO country code | SK |
| 080 ## - UNIVERSAL DECIMAL CLASSIFICATION NUMBER | |
| Universal Decimal Classification number | 830-3(087.5) |
| Edition identifier | 1981 |
| 100 1# - MAIN ENTRY--PERSONAL NAME | |
| Personal name | Heyne, Isolde, |
| Dates associated with a name | 1931-2009 |
| Relationship | aut |
| 240 14 - UNIFORM TITLE | |
| Uniform title | Das grosse Buch der gutenachtgeschichten |
| Language of a work | Slovensky |
| 245 1# - TITLE STATEMENT | |
| Title | Veľká kniha rozprávok na dobrú noc |
| Statement of responsibility, etc. | Isolde Heyneová ; ilustrácie Marion Krätschmerová ; [z nemeckého originálu preložila Eva Melichárková] |
| 260 ## - PUBLICATION, DISTRIBUTION, ETC. | |
| Place of publication, distribution, etc. | Bratislava |
| Name of publisher, distributor, etc. | Ikar |
| Date of publication, distribution, etc. | 2001 |
| 300 ## - PHYSICAL DESCRIPTION | |
| Extent | 232 s. |
| Other physical details | fareb. ilustr. |
| Dimensions | 30 cm |
| 500 ## - GENERAL NOTE | |
| General note | Rozlož. ilustr. na tit. strane, front. a predsádkach |
| 650 07 - SUBJECT ADDED ENTRY--TOPICAL TERM | |
| Topical term or geographic name entry element | autorské rozprávky, nemecké |
| Source of heading or term | SNK |
| 655 #7 - INDEX TERM--GENRE/FORM | |
| Genre/form data or focus term | umelecká literatúra |
| Source of term | SNK |
| 700 1# - ADDED ENTRY--PERSONAL NAME | |
| Personal name | Krätschmer, Marion |
| Relationship | ill |
| 700 1# - ADDED ENTRY--PERSONAL NAME | |
| Personal name | Melichárková, Eva, |
| Dates associated with a name | 1945- |
| Relationship | trl |
| 942 ## - ADDED ENTRY ELEMENTS (KOHA) | |
| Source of classification or shelving scheme | Dewey Decimal Classification |
| Koha item type | Krásna literatúra pre deti |
| Suppress in OPAC | No |
| 949 ## - LOCAL PROCESSING INFORMATION (OCLC) | |
| 6 | 17A0340017 |
| 9 | P60, <03>, [BOOK], {603} |
| a | snkSB 64880 |
| b | snkKSP 4158/2002 |
| s | 6100:20160606 |
| 949 ## - LOCAL PROCESSING INFORMATION (OCLC) | |
| 6 | 17A0340018 |
| 9 | P60, <04>, [BOOK], {604} |
| a | snkSB 64880 D1 |
| b | snkKSP 4159/2002 |
| 949 ## - LOCAL PROCESSING INFORMATION (OCLC) | |
| 6 | 273K0112683 |
| a | svkpoC 38672 |
| b | svkpo451786 |
| Stav vyradenia | Strata | Poškodenie | Spôsob nadobudnutia | Domovská knižnica | Aktuálna knižnica | Dátum nadobudnutia | Total checkouts | Čiarový kód exemplára | Date last seen | Typ exemplára |
|---|---|---|---|---|---|---|---|---|---|---|
| Dar | Obecná knižnica Turčianska Štiavnička | Obecná knižnica Turčianska Štiavnička | 09.03.2026 | 4738000316 | 09.03.2026 | Krásna literatúra pre deti |
